[Event "EU-ch Hybrid U14 Girls"]
[Site "Tornelo INT"]
[Date "2021.10.15"]
[Round "1"]
[White "Grigorova, Asya"]
[Black "Trunz, Michelle"]
[Result "1/2-1/2"]
[WhiteElo "1367"]
[BlackElo "1722"]
[PlyCount "72"]
[EventDate "2021.10.15"]
[EventType "swiss"]
[EventRounds "9"]
[EventCountry "NET"]
[SourceTitle "EXT 2023"]
[Source "ChessBase"]
[SourceDate "2022.10.05"]
[SourceVersion "1"]
[SourceVersionDate "2022.10.05"]
[SourceQuality "1"]
[WhiteTeam "Bulgaria"]
[BlackTeam "Germany"]
[WhiteTeamCountry "BUL"]
[BlackTeamCountry "GER"]

1. e4 c5 2. Nf3 d6 3. d4 cxd4 4. Nxd4 Nf6 5. f3 e5 6. Nb3 Be7 7. c4 Be6 8. Be3 Nbd7 9. Nc3 a6 10. Be2 Rc8 11. Nd5 Bxd5 12. cxd5 0-0 13. 0-0 Qc7 14. Rc1 Qb8 15. Qd2 Rxc1 16. Rxc1 Rc8 17. Bf1 Rc7 18. Rxc7 Qxc7 19. Qc1 Bd8 20. a4 Qxc1 21. Nxc1 Bb6 22. Bxb6 Nxb6 23. a5 Nbd7 24. b4 Kf8 25. Kf2 Ke7 26. Ke3 Ne8 27. Bd3 Nc7 28. g3 f5 29. g4 fxe4 30. fxe4 Kf6 31. h4 h6 32. Ne2 g6 33. Ng3 Ne8 34. Be2 Ng7 35. Nf1 Ke7 36. Nd2 Ne8 1/2-1/2

[Event "EU-ch Hybrid U14 Girls"]
[Site "Tornelo INT"]
[Date "2021.10.15"]
[Round "8"]
[White "Ismayil, Seljan"]
[Black "Grigorova, Asya"]
[Result "1/2-1/2"]
[WhiteElo "1293"]
[BlackElo "1367"]
[PlyCount "73"]
[EventDate "2021.10.15"]
[EventType "swiss"]
[EventRounds "9"]
[EventCountry "NET"]
[SourceTitle "EXT 2023"]
[Source "ChessBase"]
[SourceDate "2022.10.05"]
[SourceVersion "1"]
[SourceVersionDate "2022.10.05"]
[SourceQuality "1"]
[WhiteTeam "Azerbaijan"]
[BlackTeam "Bulgaria"]
[WhiteTeamCountry "AZE"]
[BlackTeamCountry "BUL"]

1. d4 f5 2. Nf3 Nf6 3. c4 g6 4. Nc3 Bg7 5. e3 0-0 6. Bd3 e6 7. 0-0 Nc6 8. a3 d6 9. e4 fxe4 10. Nxe4 Nxe4 11. Bxe4 d5 12. cxd5 exd5 13. Qb3 Be6 14. Be3 Na5 15. Qa2 Nc4 16. Bd3 Nxe3 17. fxe3 Qd7 18. Qb3 c6 19. Rae1 Rae8 20. Kh1 Kh8 21. Qc2 Bf5 22. Nh4 Bxd3 23. Qxd3 Rxf1+ 24. Qxf1 Re4 25. Nf3 Qe7 26. Qf2 Kg8 27. Nd2 Re6 28. Nf3 c5 29. dxc5 Qxc5 30. Qd2 Bh6 31. Nd4 Re5 32. b4 Qe7 33. Nc2 Qf7 34. Qd4 Rf5 35. h3 b6 36. Qd1 Re5 37. Qd3 1/2-1/2

[Event "EU-ch U12 Girls"]
[Site "Bratislava"]
[Date "2019.08.10"]
[Round "9"]
[White "Grigorova, Asya"]
[Black "Mosurovic, Milena"]
[Result "1-0"]
[WhiteElo "1183"]
[BlackElo "1445"]
[PlyCount "81"]
[EventDate "2019.08.02"]
[EventType "swiss"]
[EventRounds "9"]
[EventCountry "SVK"]
[SourceTitle "EXT 2020"]
[Source "ChessBase"]
[SourceDate "2019.10.17"]
[SourceVersion "1"]
[SourceVersionDate "2019.10.17"]
[SourceQuality "1"]

1. e4 d5 2. exd5 Qxd5 3. Nc3 Qd8 4. d4 Nf6 5. h3 e6 6. Bd3 Be7 7. Nf3 0-0 8. 0-0 Nbd7 9. Bf4 c6 10. Qe2 b6 11. Ne4 Bb7 12. Nd6 Bxd6 13. Bxd6 Re8 14. Ne5 Nb8 15. Bxb8 Rxb8 16. Rad1 Qc7 17. c3 Rbd8 18. Rfe1 c5 19. dxc5 Qxc5 20. Ng4 Nxg4 21. Qxg4 Rd5 22. Qe4 g6 23. Qc4 Qe7 24. Re2 Rg5 25. Be4 Rc8 26. Qd4 Ba6 27. Red2 Bb7 28. Qe3 Bxe4 29. Qxe4 Rf5 30. Qe3 Qb7 31. Rd8+ Rxd8 32. Rxd8+ Kg7 33. Qd4+ Kh6 34. Qh4+ Kg7 35. Qd4+ Kh6 36. Rg8 e5 37. Qe3+ Rg5 38. g3 f5 39. h4 f4 40. hxg5+ Kxg5 41. Qxe5+ 1-0

[Event "EU-ch U12 Girls"]
[Site "Bratislava"]
[Date "2019.08.05"]
[Round "4"]
[White "Selvik, Elma"]
[Black "Grigorova, Asya"]
[Result "1-0"]
[WhiteElo "1422"]
[BlackElo "1183"]
[PlyCount "101"]
[EventDate "2019.08.02"]
[EventType "swiss"]
[EventRounds "9"]
[EventCountry "SVK"]
[SourceTitle "EXT 2020"]
[Source "ChessBase"]
[SourceDate "2019.10.17"]
[SourceVersion "1"]
[SourceVersionDate "2019.10.17"]
[SourceQuality "1"]

1. e4 c5 2. Nf3 Nc6 3. d4 cxd4 4. Nxd4 Qb6 5. Nxc6 bxc6 6. c3 e5 7. Bc4 Nf6 8. Qc2 Bc5 9. 0-0 d5 10. exd5 cxd5 11. Bb3 0-0 12. Bg5 Bb7 13. Nd2 Ng4 14. Qf5 Bc8 15. Qf3 e4 16. Qg3 Bd6 17. Bf4 Bxf4 18. Qxf4 Nf6 19. Rad1 Bb7 20. Rfe1 Rfe8 21. Nf1 Rad8 22. Ne3 Re7 23. Nf5 Red7 24. Ba4 Bc6 25. Qg5 Nh5 26. Bxc6 Qxc6 27. Qxh5 Qf6 28. Nd4 Rb7 29. Rd2 Rb6 30. Qf5 Qh6 31. Red1 Rf6 32. Qh3 Qf4 33. Qg3 Qh6 34. Nb3 Rfd6 35. Rxd5 Rxd5 36. Rxd5 Qb6 37. Rxd8+ Qxd8 38. Qg4 f5 39. Qe2 f4 40. Qd2 Qg5 41. Kf1 Qh4 42. Qd5+ Kf8 43. Qxe4 Qxh2 44. Qa8+ Kf7 45. Qxa7+ Kg6 46. Qb6+ Kh5 47. Qc5+ Kh6 48. Qd6+ g6 49. Qd5 g5 50. Qe6+ Kh5 51. Qh3+ 1-0